000 00535nam a2200181Ia 4500
008 151202s9999||||xx |||||||||||||| ||und||
082 _bPNVM-53875
100 _aशिरवळकर सुहास.
245 _aसफाई.
260 _b"रावजी प्रकाशन,डोंबवली."
260 _c1987
300 _a172
600 _aशिरवळकर सुहास.
630 _aसफाई.
700 _aशिरवळकर सुहास.
730 _aसफाई.
942 _cBOOK
999 _c1320414
_d1320411